00692 2200229 4500001002100000005001700021008004100038020002200079035002500101040001200126082000800138084001800146100002200164245010800186250001100294260003400305300003100339500003100370650003000401700001900431850001200450INLIS00000000001656920160126082108.0  a978-602-288-123-0 a0010-011600000000660 aYOPDYOG a428 aDEP 428 Mur M aMURYANI J. SEMITA aMaster conversationb: buku pintar jago percakapan bahasa Inggrisc/ Muryani J. Semita, Syamsul Arifin. aCet.1. aYogyakartabBuku Pintarc2014 a396 hlm.b: ilus.c; 15 cm aBibliografi : hlm. 393-394 aBahasa Inggris percakapan aSyamsul Arifin aYOPDYOG